000 00336nam a22001457a 4500
003 OSt
005 20160727222355.0
008 160622b xxu||||| |||| 00| 0 eng d
040 _ctest
100 _9510
_aJimmy
245 _aEverthing to Gain
260 _aN.Y
_bFawcettt Gold Medal
_c1988
300 _aEverthing to Gain
942 _2ddc
_cBK
999 _c424
_d424